| 000 | 04750nam a2200361 i 4500 | ||
|---|---|---|---|
| 001 | 000024246 | ||
| 003 | DO-SdBNP | ||
| 005 | 20250218083814.0 | ||
| 007 | ta | ||
| 008 | 110125s2006 dr 001 0 spa d | ||
| 040 |
_aDO-SdBNP _bspa _cBNPHU _erda |
||
| 041 | _hspa | ||
| 082 | 4 |
_a345.05 _bR426no, 2006 _222 |
|
| 240 | 1 | 0 | _a[Leyes, etc.] |
| 245 | 1 | 0 |
_aNormativa procesal penal dominicana / _cpresentación, Jorge A. Subero Isa. |
| 250 | _asegunda edición ampliada | ||
| 264 | 4 |
_aSanto Domingo : _bSuprema Corte de Justicia, _c2006. |
|
| 300 |
_a756 páginas ; _c22 cm. |
||
| 336 |
_atexto _btxt _2rdacontent |
||
| 337 |
_asin mediación _bn _2rdamedia |
||
| 338 |
_avolumen _bnc _2rdacarrier |
||
| 505 | 0 |
_aPresentación / _gJorge A. Subero Isa-- _tConstitución de la República -- _tCódigo Procesal Penal de la República Dominicana (Ley 76-02) -- _tLeyes complementarias-- _tLey 78-03 que aprueba el Estatuto del Ministerio Público -- _tLey 96-04 Institucional de la Policía Nacional -- _tLey 277-04 que establece el Servicio Nacional de Defensa Pública -- _tLey 278-04 sobre la Implementación del Proceso Penal instituido por ley 76-02 -- _tDecretos-- _tDecreto 420-02 que Crea la Comisión Nacional de la Reforma Procesal Penal -- _tDecreto 514-02 crea Escuela del Ministerio Público -- _tDecreto 644-03 que aprueba el Reglamento de Integración del Consejo General de Procuradores -- _tDecreto 873-04, que dispone que los miembros del Ministerio Público designados a la fecha y que fueren designados hasta tanto se haya concluido su evaluación, tendrán carácter de provisionales y por tanto podrán ser sustituidos por el Presidente de la República en cualquier momento -- _tDecreto 1154-04 de fecha 9 de septiembre de 2004, que modifica el artículo modifica artículo 1 del Decreto No. 420-02 de fecha 6 de junio de 2002 -- _tDecreto 318-05 de fecha 19 de mayo de 2005 que modifica el artículo único del Decreto No. 1154-04 de fecha 9 de septiembre de 2004 -- _tResoluciones dictadas por la Suprema Corte de Justicia-- _tRes. 1920-2003 Medidas anticipadas a la vigencia del Nuevo Código Procesal Penal -- _tRes. 782-2004 mediante la cual se incorporan los abogados de oficio a la Oficina Nacional de Defensa Pública -- _tRes. 1170-2004 que reglamenta la estructura liquidadora de los expedientes en trámite ante la jurisdicción penal al momento de entrar en vigencia el Código Procesal. Procedimiento de distribución de los expedientes -- |
|
| 505 | 0 |
_tRes. 1207-2004 Establece el rol de cada uno de los jueces dentro de la estructura de liquidación creada mediante la Res. No. 1170-2004 -- _tRes. 1209-2004 Establece procedimiento aplicable para los asuntos correccionales ante la jurisdicción de niños, niñas y adolescentes, entrada en vigencia del Código para el Sistema de Protección de los Derechos fundamentales de los niños, niñas y adolescentes -- _tRes. 295-2005 Habilita a los jueces de paz a actuar como jueces de la instrucción -- _tRes. 296-2005 Reglamenta juez de la ejecución de la pena (Código Procesal Penal) -- _tRes. 1141-05 Sobre uso de toga y birrete -- _tRes. 1142-05 Competencia en materia penal laboral -- _tRes. 1731-05 Reglamento sobre medidas de coerción y celebración de audiencias durante la etapa preparatoria -- _tRes. 1732-05 Reglamento para la tramitación de notificaciones, citaciones y comunicaciones judiciales -- _tRes. 1733-05 Reglamento para el funcionamiento de la Oficina judicial de servicios de atención permanente -- _tRes. 1734-05 Reglamento para la gestión administrativa de los secretarios de los tribunales al amparo del Código Procesal Penal -- _tRes. 1735-05 Tribunales colegiados de primera instancia -- _tResoluciones Dictadas por la Procuraduría General de la República-- _tRes. 14786-2003 Pautas al Ministerio Público -- _tRes. 12156-2004 Fiscales liquidadores -- _tRes. 12437-2004 Criterios de oportunidad en casos de tránsito -- _tRes. 14379 Reglamento para el otorgamiento del auxilio de la fuerza pública -- _tRes. 14383 Reglamento operativo de las oficinas de control de evidencias del Ministerio Público -- _tRes. 14390 Crea la unidad de custodia y administración de bienes incautados del Ministerio Público. |
|
| 590 | _aInventariado, 2018/DG | ||
| 650 | 4 |
_aDerecho procesal _zRepública Dominicana _913091 |
|
| 650 | 4 |
_aDerecho penal _zRepública Dominicana _xNormas _949774 |
|
| 650 | 4 |
_aAdministración de justicia penal _zRepública Dominicana _916873 |
|
| 650 | 4 |
_aLeyes _zRepública Dominicana _93033 |
|
| 700 | 1 |
_aSubero Isa, Jorge A., _d1947- _epresentación _976863 |
|
| 710 | 1 |
_aRepública Dominicana. _bSuprema Corte de Justicia. _cUnidad de Investigación y Estudios Especiales _949775 |
|
| 910 | _aValidado. Control de calidad EMS | ||
| 942 |
_2ddc _cLBS1 |
||
| 999 |
_c23740 _d23740 |
||